Clubs où ont évolué tous les champions du monde 1998 - Statistiques

Statistiques générales
  • Ce quiz a été pris 59 fois
    32 depuis la dernière actualisation
  • Le résultat moyen est 94 sur 141
Statistiques - réponses
Joueur Réponse Pays / Années % Correct
N°1 Bernard Lama Paris France / 1992-1997
100%
N°1 Bernard Lama Paris France / 1998-2000
100%
N°6 Youri Djorkaeff Paris France / 1995-1996
100%
N°4 Patrick Vieira Arsenal Angleterre / 1996-2005
96%
N°11 Robert Pirès Arsenal Angleterre / 2000-2006
96%
N°12 Thierry Henry Arsenal Angleterre / 1999-2007
96%
N°12 Thierry Henry Arsenal Angleterre / 2012
96%
N°17 Emmanuel Petit Arsenal Angleterre / 1997-2000
96%
N°4 Patrick Vieira Juventus Italie / 2005-2006
96%
N°7 Didier Deschamps Juventus Italie / 1994-1999
96%
N°10 Zinédine Zidane Juventus Italie / 1996-2001
96%
N°12 Thierry Henry Juventus Italie / 1998-1999
96%
N°15 Lilian Thuram Juventus Italie / 2001-2006
96%
N°20 David Trezeguet Juventus Italie / 2000-2010
96%
N°5 Laurent Blanc Manchester United Angleterre / 2001-2003
96%
N°16 Fabien Barthez Manchester United Angleterre / 2000-2003
96%
N°3 Bixente Lizarazu Marseille France / 2004
96%
N°5 Laurent Blanc Marseille France / 1997-1999
96%
N°7 Didier Deschamps Marseille France / 1989-1994
96%
N°8 Marcel Desailly Marseille France / 1992-1993
96%
N°11 Robert Pirès Marseille France / 1998-2000
96%
N°14 Alain Boghossian Marseille France / 1991-1994
96%
N°16 Fabien Barthez Marseille France / 1992-1995
96%
N°16 Fabien Barthez Marseille France / 2003-2006
96%
N°18 Frank Lebœuf Marseille Marseille / 2001-2003
96%
N°21 Christophe Dugarry Marseille France / 1997-2000
96%
N°10 Zinédine Zidane Real Madrid Espagne / 2001-2006
96%
N°3 Bixente Lizarazu Bordeaux France / 1988-1996
92%
N°7 Didier Deschamps Bordeaux France / 1990-1991
92%
N°10 Zinédine Zidane Bordeaux France / 1992-1996
92%
N°21 Christophe Dugarry Bordeaux France / 1989-1996
92%
N°21 Christophe Dugarry Bordeaux France / 2000-2003
92%
N°4 Patrick Vieira Cannes France / 1993-1995
92%
N°10 Zinédine Zidane Cannes France / 1988-1992
92%
N°7 Didier Deschamps Nantes France / 1985-1989
92%
N°8 Marcel Desailly Nantes France / 1986-1992
92%
N°16 Fabien Barthez Nantes France / 2006-2007
92%
N°19 Christian Karembeu Nantes France / 1990-1995
92%
N°4 Patrick Vieira AC Milan Italie / 1995-1996
88%
N°8 Marcel Desailly AC Milan Italie / 1993-1998
88%
N°21 Christophe Dugarry AC Milan Italie / 1996-1997
88%
N°3 Bixente Lizarazu Bayern Munich Allemagne / 1997-2004
88%
N°3 Bixente Lizarazu Bayern Munich Allemagne / 2005-2006
88%
N°7 Didier Deschamps Chelsea Angleterre / 1999-2000
88%
N°8 Marcel Desailly Chelsea Angleterre / 1998-2004
88%
N°17 Emmanuel Petit Chelsea Angleterre / 2001-2004
88%
N°18 Frank Lebœuf Chelsea Angleterre / 1996-2001
88%
N°4 Patrick Vieira Inter Italie / 2006-2010
88%
N°5 Laurent Blanc Inter Italie / 1999-2001
88%
N°6 Youri Djorkaeff Inter Italie / 1996-1999
88%
N°5 Laurent Blanc Barcelone Espagne / 1996-1997
85%
N°12 Thierry Henry Barcelone Espagne / 2007-2010
85%
N°15 Lilian Thuram Barcelone Espagne / 2006-2008
85%
N°17 Emmanuel Petit Barcelone Espagne / 2000-2001
85%
N°21 Christophe Dugarry Barcelone Espagne / 1997
85%
N°14 Alain Boghossian Espanyol Barcelone Espagne / 2002-2003
85%
N°4 Patrick Vieira Manchester City Angleterre / 2010-2011
85%
N°6 Youri Djorkaeff Monaco France / 1990-1995
85%
N°12 Thierry Henry Monaco France / 1994-1998
85%
N°15 Lilian Thuram Monaco France / 1990-1996
85%
N°16 Fabien Barthez Monaco France / 1995-2000
85%
N°17 Emmanuel Petit Monaco France / 1988-1997
85%
N°20 David Trezeguet Monaco France / 1995-2000
85%
N°1 Bernard Lama Rennes France / 2000-2001
85%
N°9 Stéphane Guivarc'h Rennes France / 1996-1997
85%
N°5 Laurent Blanc Auxerre France / 1995-1996
81%
N°9 Stéphane Guivarc'h Auxerre France / 1995-1998
81%
N°9 Stéphane Guivarc'h Auxerre France / 1999-2001
81%
N°13 Bernard Diomède Auxerre France / 1992-2000
81%
N°22 Lionel Charbonnier Auxerre France / 1987-1998
81%
N°5 Laurent Blanc Montpellier France / 1983-1991
81%
N°2 Vincent Candela Toulouse France / 1992-1995
81%
N°16 Fabien Barthez Toulouse France / 1990-1992
81%
N°2 Vincent Candela AS Rome Italie / 1997-2005
77%
N°1 Bernard Lama Lens France / 1991-1992
77%
N°1 Bernard Lama Metz France / 1989-1990
77%
N°11 Robert Pirès Metz France / 1992-1998
77%
N°5 Laurent Blanc Saint-Etienne France / 1993-1995
77%
N°6 Youri Djorkaeff Strasbourg France / 1989-1990
77%
N°18 Frank Lebœuf Strasbourg France / 1990-1996
77%
N°1 Bernard Lama Lille France / 1982-1989
73%
N°5 Laurent Blanc Naples Italie / 1991-1992
73%
N°14 Alain Boghossian Naples Italie / 1994-1997
73%
N°14 Alain Boghossian Parme Italie / 1998-2002
73%
N°15 Lilian Thuram Parme Italie / 1996-2001
73%
N°7 Didier Deschamps Valence Espagne / 2000-2001
73%
N°6 Youri Djorkaeff MetroStars New York Etats-Unis / 2005-2006
69%
N°12 Thierry Henry RB New York Etats-Unis / 2010-2014
69%
N°1 Bernard Lama Brest France / 1990-1991
65%
N°9 Stéphane Guivarc'h Brest France / 1989-1991
65%
N°5 Laurent Blanc Nîmes France / 1992-1993
65%
N°9 Stéphane Guivarc'h Rangers Ecosse / 1998-1999
65%
N°22 Lionel Charbonnier Rangers Ecosse / 1998-2001
65%
N°13 Bernard Diomède Liverpool Angleterre / 2000-2003
62%
N°20 David Trezeguet River Plate Argentine / 2012-2013
62%
N°11 Robert Pirès Reims France / 1991-1992
58%
N°11 Robert Pirès Villarreal Espagne / 2006-2010
58%
N°3 Bixente Lizarazu Athletic Bilbao Espagne / 1996-1997
54%
N°19 Christian Karembeu Olympiakos Grèce / 2001-2004
50%
N°14 Alain Boghossian Sampdoria Gênes Italie / 1997-1998
50%
N°19 Christian Karembeu Sampdoria Gênes Italie / 1995-1997
50%
N°13 Bernard Diomède Ajaccio France / 2003-2004
46%
N°19 Christian Karembeu Bastia France / 2005
46%
N°6 Youri Djorkaeff Grenoble France / 1985-1989
46%
N°9 Stéphane Guivarc'h Newcastle Angleterre / 1998
46%
N°11 Robert Pirès Aston Villa Angleterre / 2010-2011
42%
N°1 Bernard Lama West Ham Angleterre / 1997-1998
42%
N°2 Vincent Candela Guingamp France / 1995-1997
38%
N°9 Stéphane Guivarc'h Guingamp France / 1991-1995
38%
N°9 Stéphane Guivarc'h Guingamp France / 2001-2002
38%
N°18 Frank Lebœuf Laval France / 1988-1990
38%
N°13 Bernard Diomède Clermont France / 2005-2006
35%
N°6 Youri Djorkaeff Kaiserslautern Allemagne / 1999-2002
35%
N°19 Christian Karembeu Real Madrid Espagne / 1997-2000
35%
N°19 Christian Karembeu Servette Genève Suisse / 2004-2005
31%
N°6 Youri Djorkaeff Blackburn Angleterre / 2004-2005
27%
N°2 Vincent Candela Bolton Angleterre / 2005
27%
N°6 Youri Djorkaeff Bolton Angleterre / 2002-2004
27%
N°8 Marcel Desailly Qatar SC Qatar / 2005
19%
N°21 Christophe Dugarry Qatar SC Qatar / 2004-2005
19%
N°2 Vincent Candela Udinese Italie / 2005-2006
19%
N°21 Christophe Dugarry Birmingham City Angleterre / 2003-2004
15%
N°13 Bernard Diomède Créteil-Lusitanos France / 2004-2005
15%
N°14 Alain Boghossian Istres France / 1992-1993
15%
N°22 Lionel Charbonnier Lausanne Suisse / 2002
15%
N°19 Christian Karembeu Middlesbrough Angleterre / 2000-2001
15%
N°1 Bernard Lama Besançon France / 1983-1984
12%
N°11 Robert Pirès FC Goa Inde / 2014-2015
12%
N°8 Marcel Desailly Al-Gharafa Qatar / 2004-2005
8%
N°18 Frank Lebœuf Al Sadd Qatar / 2003-2004
8%
N°18 Frank Lebœuf Al Wakrah Qatar / 2004-2005
8%
N°20 David Trezeguet Hercules Alicante Espagne / 2010-2011
8%
N°18 Frank Lebœuf Hollywood United Etats-Unis / 2006-2008
8%
N°18 Frank Lebœuf Hyères France / 1986
8%
N°18 Frank Lebœuf Meaux France / 1987-1988
8%
N°2 Vincent Candela Messine Italie / 2007
8%
N°20 David Trezeguet Newell's Old Boys Argentine / 2013-2014
8%
N°20 David Trezeguet Pune City Inde / 2014
8%
N°2 Vincent Candela Sienne Italie / 2006-2007
8%
N°20 David Trezeguet Baniyas SC Emirats Arabes Unis / 2011
4%
N°20 David Trezeguet Platense Argentine / 1994-1995
4%
Aucun quiz correspondant
Distribution des résultats
% des personnes avec chaque résultat
Percentile par nombre de réponses
Votre historique - résultats
Vous n’avez pas pris ce quiz depuis la dernière actualisation